La Cerdanya : recursos econòmics i activitat productiva / Grup d'Estudis de l'Alt Pirineu, Institut d'Estudis Ceretans recursos econòmics i activitat productiva / Grup d'Estudis de l'Alt Pirineu, Institut d'Estudis Ceretans
Descripción Física:
XV, 335 p. : amb map. ; 24 cm
Colección:
Catalunya comarcal
Materias:
Cerdanya -- Condicions econòmiques
MARC
| LEADER | 00000nam a2200000Ia 4500 | ||
|---|---|---|---|
| 001 | 1362 | ||
| 003 | BGR | ||
| 005 | 20260324175302.0 | ||
| 008 | 160829s1981 xx 000 0 cat d | ||
| 080 | |a M-2-7 | ||
| 110 | 2 | |a Grup d'Estudis de l'Alt Pirineu |9 71005 | |
| 245 | |a La Cerdanya : |b recursos econòmics i activitat productiva / Grup d'Estudis de l'Alt Pirineu, Institut d'Estudis Ceretans | ||
| 260 | |a Barcelona : |b Caixa d'Estalvis de Catalunya, |c 1981 | ||
| 300 | |a XV, 335 p. : |b amb map. ; |c 24 cm | ||
| 490 | |a Catalunya comarcal | ||
| 650 | |a Cerdanya |x Condicions econòmiques |9 24910 | ||
| 710 | 2 | |a Institut d'Estudis Ceretans |9 71091 | |
| 901 | |a Arxiu | ||
| 942 | |n 1 |2 udc |c MON | ||
| 952 | |0 0 |1 0 |4 0 |6 M27 |7 1 |9 43372 |a Arxiu |b Arxiu |d 2016-12-01 |l 0 |o M-2-7 |p 1362 |r 2016-12-01 00:00:00 |w 2016-12-01 |y ARXIU | ||
| 999 | |c 45917 |d 45917 | ||